Największe miasta w Polsce na poszczególną literę alfabetu - Statystyki

Ogólne statystyki
  • Ten quiz został rozwiązany 1 193 razy
    91 od ostatniego zresetowania
  • Średni wynik to 60 z 119
Statystyki odpowiedzi
Miasto Ludność Kraina % Poprawnych
Białystok 292 600 Podlasie
91%
Bydgoszcz 330 038 Kujawy
90%
Częstochowa 208 282 Małopolska
87%
Poznań 541 316 Wielkopolska
87%
Augustów 29 173 Podlasie
84%
Gdańsk 486 345 Pomorze Wschodnie (Gdańskie)
84%
Gdynia 242 874 Pomorze Wschodnie (Gdańskie)
84%
Katowice 280 190 Śląsk
84%
Kraków 803 282 Małopolska
84%
Łódź 658 444 Ziemia Sieradzko-Łęczycka
81%
Lublin 331 243 Małopolska
81%
Warszawa 1 861 975 Mazowsze
81%
Bytom 149 576 Śląsk
80%
Elbląg 113 567 Prusy/Pomorze Wschodnie (Gdańskie)
78%
Olsztyn 168 212 Prusy
78%
Gorzów Wielkopolski 116 436 Ziemia Lubuska
77%
Szczecin 391 566 Pomorze Zachodnie
77%
Ełk 60 070 Prusy
75%
Inowrocław 68 101 Kujawy
74%
Radom 197 848 Małopolska
72%
Wrocław 674 079 Śląsk
72%
Toruń 195 690 Pomorze Wschodnie (Gdańskie)
71%
Gliwice 171 023 Śląsk
70%
Tarnów 103 960 Małopolska
70%
Bielsko-Biała 166 765 Śląsk/Małopolska
68%
Kielce 183 885 Małopolska
68%
Lubin 68 407 Śląsk
68%
Opole 126 458 Śląsk
68%
Rzeszów 197 181 Ruś Czerwona
68%
Koszalin 104 239 Pomorze Zachodnie
64%
Nowy Sącz 80 587 Małopolska
64%
Płock 112 483 Mazowsze
64%
Chorzów 101 914 Śląsk
62%
Dąbrowa Górnicza 114 765 Małopolska
62%
Andrychów 18 655 Małopolska
61%
Frombork 2 099 Prusy
61%
Iława 32 319 Prusy
61%
Zabrze 155 430 Śląsk
61%
Sosnowiec 189 178 Małopolska
59%
Żory 61 817 Śląsk
59%
Piła 70 624 Wielkopolska
58%
Chełm 57 933 Ruś Czerwona
57%
Ciechanów 41 980 Mazowsze
57%
Kalisz 93 973 Wielkopolska
57%
Legnica 93 040 Śląsk
57%
Tychy 123 105 Śląsk
57%
Włocławek 102 102 Kujawy
57%
Suwałki 68 525 Suwalszczyzna
55%
Jastrzębie-Zdrój 83 139 Śląsk
54%
Ustka 13 950 Pomorze Zachodnie
54%
Ćmielów 2 770 Małopolska
52%
Hel 2 835 Pomorze Wschodnie (Gdańskie)
52%
Ruda Śląska 131 532 Śląsk
52%
Świnoujście 39 368 Pomorze Zachodnie
52%
Hajnówka 19 221 Ruś Czarna
51%
Hrubieszów 16 191 Ruś Czerwona
51%
Jarosław 35 610 Ruś Czerwona
51%
Jaworzno 87 552 Małopolska
51%
Leszno 60 642 Wielkopolska
51%
Żary 35 198 Łużyce
51%
Aleksandrów Łódzki 22 090 Ziemia Sieradzko-Łęczycka
49%
Biała Podlaska 54 768 Polesie
49%
Mysłowice 71 643 Śląsk
49%
Nowy Targ 33 103 Małopolska
49%
Piotrków Trybunalski 67 264 Ziemia Sieradzko-Łęczycka
49%
Grudziądz 89 450 Pomorze Wschodnie (Gdańskie)
48%
Jelenia Góra 75 794 Śląsk
48%
Wałbrzych 101 857 Śląsk
48%
Pruszków 65 321 Mazowsze
46%
Zamość 58 942 Ruś Czerwona
46%
Ostrołęka 48 712 Mazowsze
45%
Słupsk 86 365 Pomorze Zachodnie
45%
Żyrardów 38 784 Mazowsze
45%
Łomża 60 128 Mazowsze
43%
Zielona Góra 139 278 Śląsk
43%
Aleksandrów Kujawski 11 536 Kujawy
42%
Legionowo 52 792 Mazowsze
42%
Rybnik 131 744 Śląsk
42%
Frampol 1 343 Małopolska
41%
Ostrów Wielkopolski 69 755 Wielkopolska
41%
Świdnica 53 423 Śląsk
41%
Wejherowo 46 446 Pomorze Wschodnie (Gdańskie)
41%
Jasło 33 100 Małopolska
39%
Tarnowskie Góry 61 439 Śląsk
39%
Tomaszów Mazowiecki 58 089 Ziemia Sieradzko-Łęczycka/Małopolska
39%
Chojnice 38 934 Pomorze Wschodnie (Gdańskie)
38%
Rumia 52 634 Pomorze Wschodnie (Gdańskie)
38%
Dębica 43 301 Małopolska
36%
Ostrowiec Świętokrzyski 62 980 Małopolska
36%
Żagań 23 730 Śląsk
36%
Świdnik 36 992 Małopolska
35%
Ustroń 16 007 Śląsk
35%
Żywiec 29 878 Małopolska
35%
Świętochłowice 45 795 Śląsk
33%
Łowicz 26 247 Mazowsze
32%
Nowy Dwór Mazowiecki 28 573 Mazowsze
30%
Nysa 41 205 Śląsk
30%
Siedlce 75 623 Małopolska
29%
Śrem 28 262 Wielkopolska
29%
Mielec 57 363 Małopolska
28%
Łuków 27 453 Małopolska
26%
Uniejów 2 950 Ziemia Sieradzko-Łęczycka
26%
Alwernia 3 260 Małopolska
25%
Dzierżoniów 31 061 Śląsk
25%
Imielin 9 411 Śląsk
25%
Mińsk Mazowiecki 40 083 Mazowsze
23%
Nowa Sól 36 327 Śląsk
23%
Dęblin 14 330 Małopolska
22%
Ustrzyki Dolne 8 509 Ruś Czerwona
22%
Zgierz 54 012 Ziemia Sieradzko-Łęczycka
22%
Zawiercie 46 727 Małopolska
20%
Halinów 3 752 Mazowsze
19%
Iłowa 3 652 Śląsk/Łużyce
19%
Marki 44 387 Mazowsze
19%
Mikołów 41 327 Śląsk
19%
Działdowo 20 367 Prusy
17%
Iłża 4 361 Małopolska
17%
Łaziska Górne 21 274 Śląsk
16%
Ujście 3 420 Wielkopolska
14%
Nie znaleziono quizów pasujących do podanych kryteriów
Rozkład punktacji
Procent ludzi z każdym wynikiem
Percentyl według liczby udzielonych odpowiedzi
Twoja historia wyników
Nie rozwiązałeś tego quizu od ostatniego zresetowania